| 000 | 00395nam a2200157Ia 4500 | ||
|---|---|---|---|
| 008 | 230312s9999||||xx |||||||||||||| ||und|| | ||
| 020 | _a0-534-60957-0 | ||
| 082 |
_a301 _bKEN |
||
| 100 | _aDiana Kendall | ||
| 245 | 0 | _aSociology in our Times | |
| 260 |
_bThomson _aCanada _c2004 |
||
| 300 | _a594 | ||
| 546 | _aEng. | ||
| 650 |
_aEconomics _vPutting Social Life into Perspective |
||
| 942 | _cBK | ||
| 999 |
_c2773 _d2773 |
||